Unsaid Emily ALL lyrics - Statistics

General Stats
  • This quiz has been taken 16 times
  • The average score is 65 of 75
Answer Stats
Hint Answer % Correct
a to I
100%
all not write erase
100%
around ones could I
100%
but I only never
100%
Unsaid Emily First replace us love
100%
first write if in
100%
from only words know
100%
got you replace go
100%
had meant I to
100%
I regret me all
100%
I never know meant
100%
I that Emily
100%
I conversations back
100%
I if space
100%
in time that would
100%
in just that
100%
in take I
100%
lines if empty you
100%
loud go then and
100%
mind I love never
100%
much leave let Unsaid
100%
of erase in me
100%
of the time words
100%
of first ones
100%
one and maybe the
100%
out most erase regret
100%
pride Unsaid you Emily
100%
reverse would and not
100%
running I not most
100%
should've all if the
100%
the then just maybe
100%
the me every if
100%
the stay every
100%
things and back you
100%
things let in you
100%
to to never leave
100%
to who'd regret
100%
turned the you ones
100%
us words would I
100%
us said could
100%
we in I replace
100%
broken we're leave
83%
clock break never
83%
could way if
83%
could in if
83%
if alike Unsaid
83%
if said us
83%
love I the
83%
my know I I
83%
pieces the the
83%
rehearsed you space could
83%
scene maybe do time
83%
start replace could then
83%
take he I
83%
that I meant
83%
that and just
83%
when never you let
83%
you could words
83%
back she take
67%
didn't and I
67%
disappeared could the only
67%
do head could
67%
for days the
67%
get mistakes most
67%
goodbyes mysteries words
67%
just my I
67%
no Emily go
67%
space gonna in
67%
time silent and
67%
words forever empty
67%
empty they're write
50%
every where and
50%
lies guess to
50%
apoligize be all
0%
writing that's do
0%
No matching quizzes found
Score Distribution
Percent of People with Each Score
Percentile by Number Answered
Your Score History
You have not taken this quiz